| 000 | 00374nam a2200145Ia 4500 | ||
|---|---|---|---|
| 008 | 221030s9999 xx 000 0 und d | ||
| 020 | _a9332544796 | ||
| 041 | _aEnglish | ||
| 100 | _aP. P. Raj | ||
| 245 | 0 |
_aBuilding Construction : Materials & Techniques _cby P. P. Raj |
|
| 260 |
_bPearson Education _aNew Delhi _c2016 |
||
| 300 | _a593 | ||
| 650 | _aCivil | ||
| 942 | _cBK | ||
| 999 |
_c17995 _d17995 |
||